000 00644nab a2200181Ia 4500
003 ES-SlBCS
005 20210601142621.0
008 140529s2005 xxu||||| |||| 00| 0 spa d
041 _aspa
100 1 _aBaumeister, Roy F.
_9273012
245 0 0 _aEl mito de la autoestima
_c Roy F. Baumeister, Jennifer D. Campbell, Joachim I. Krueger, Kathleen D. Vohs
650 0 4 _aAutoestima
_987257
700 1 _aCampbell, Jennifer D
_9274017
700 1 _aKrueger, Joachim I
_9274018
700 1 _aVohs, Kathleen D.
_9274019
773 0 _tInvestigacion y Ciencia (Traducción de: Scientific American)
_gnº. 342, 2005, págs. 70-77
_wRev1650
942 _cAR
999 _c679539
_d679539